Экономические основы управления предприятием: учебное пособие для вузов

Dades bibliogràfiques
Autor principal: Шульмин В. А. Владимир Алексеевич
Sumari:Приведены задания к расчётно-графической работе и методические указания к их выполнению, тесты для итогового и промежуточного контроля знаний студентов. Учебное пособие предназначено для студентов, обучающихся по направлениям: «Конструкторско-технологическое обеспечение машиностроительных производств», «Автоматизация технологических процессов и производств».
Idioma:rus
Publicat: Старый Оскол, ТНТ, 2013
Matèries:
Format: MixedMaterials Llibre
KOHA link:https://koha.lib.tpu.ru/cgi-bin/koha/opac-detail.pl?biblionumber=242046

MARC

LEADER 00000nam0a2200000 4500
001 242046
005 20231101231850.0
010 |a 9785941783748 
035 |a (RuTPU)RU\TPU\book\263342 
090 |a 242046 
100 |a 20130822d2013 m y0rusy50 ca 
101 0 |a rus 
102 |a RU 
105 |a y j 001zy 
200 1 |a Экономические основы управления предприятием  |e учебное пособие для вузов  |f В. А. Шульмин 
210 |a Старый Оскол  |c ТНТ  |d 2013 
215 |a 123 с. 
320 |a Библиогр.: с. 122-123. 
320 |a Словарь основных терминов: с. 115-121. 
330 |a Приведены задания к расчётно-графической работе и методические указания к их выполнению, тесты для итогового и промежуточного контроля знаний студентов. Учебное пособие предназначено для студентов, обучающихся по направлениям: «Конструкторско-технологическое обеспечение машиностроительных производств», «Автоматизация технологических процессов и производств». 
606 1 |a Предприятия  |x Экономика  |x Управление  |2 stltpush  |3 (RuTPU)RU\TPU\subj\36690  |9 57983 
610 1 |a расчеты 
610 1 |a графики 
610 1 |a практические работы 
610 1 |a методические указания 
610 1 |a тесты 
610 1 |a новые товары 
610 1 |a конкурентоспособность 
610 1 |a затраты 
610 1 |a трудовые ресурсы 
610 1 |a планирование 
610 1 |a рабочее время 
610 1 |a сетевые графики 
610 1 |a экономические показатели 
610 1 |a учебные пособия 
686 |a У9(2)29-2я73  |v LBC/SL-A  |2 rubbk 
700 1 |a Шульмин  |b В. А.  |g Владимир Алексеевич 
801 1 |a RU  |b 63413507  |c 20130822 
801 2 |a RU  |b 63413507  |c 20150626  |g RCR 
900 |a Экономика предприятия 
942 |c BK 
951 |b 151900 
959 |a 114/20130822  |d 2  |e 255,00  |f ЧЗГЛ:1  |f АНЛ:1